Placar de todas as finais de Copa do Mundo da FIFA - Statistics

Estatísticas Gerais
  • Esse quiz foi jogado 224 vezes
  • A pontuação média é 17 de 22
Estatísticas das Respostas
Ano Campeão Vice-campeão Placar % Correto
2022 Argentina França 3 - 3
98%
2014 Alemanha Argentina 1 - 0
97%
2010 Espanha Holanda 1 - 0
97%
2002 Brasil Alemanha 2 - 0
97%
1998 França Brasil 3 - 0
96%
2018 França Croácia 4 - 2
96%
1994 Brasil Itália 0 - 0
95%
2006 Itália França 1 - 1
94%
1990 Alemanha Ocidental Argentina 1 - 0
87%
1986 Argentina Alemanha Ocidental 3 - 2
79%
1970 Brasil Itália 4 - 1
76%
1958 Brasil Suécia 5 - 2
73%
1950 Uruguai Brasil 2 - 1
70%
1982 Itália Alemanha Ocidental 3 - 1
67%
1978 Argentina Holanda 3 - 1
66%
1962 Brasil Checoslováquia 3 - 1
66%
1974 Alemanha Ocidental Holanda 2 - 1
65%
1966 Inglaterra Alemanha Ocidental 4 - 2
64%
1954 Alemanha Ocidental Hungria 3 - 2
55%
1930 Uruguai Argentina 4 - 2
48%
1934 Itália Checoslováquia 2 - 1
47%
1938 Itália Hungria 4 - 2
46%
Nenhum quiz correspondente encontrado
Distribuição das Pontuações
Porcentagem de Pessoas com Cada Pontuação
Percentil de Números Respondidos
Sua Pontuação Histórica
Você não jogou esse quiz